000 00883nam a22002537a 4500
001 3492
005 20240313100633.0
020 _a9780516274799
040 _aDLC
_beng
_edcrmg
_cDLC
050 0 0 _aE372.V46
082 _a973.5
100 _aVenezia, Mike
245 0 0 _aJames Monroe
_cWritten and illustrated by Mike Venezia
260 _cNew York :
_aScholastic,
_b2004
300 _a31 pages :
_bcolor illustrations ; maps ;
_c25 cm .
490 _aGetting to Know the US Presidents
505 _aZ
520 _aAn introduction to the life of James Monroe, an influential patriot during the American Revolution who became the nation's fifth president and was subsequently reelected.
521 _a970
_bLexile
521 _aZ
_bRaz-Plus
650 _aJames Monroe
_vNon-Fiction
906 _a0
_bibc
_corignew
_du
_encip
_f20
_gy-printpho
942 _2ddc
_cBK
_n0
999 _c3492
_d3492